Operations Management Production of Goods and Services
Na minha lista:
| Autor principal: | |
|---|---|
| Outros Autores: | |
| Formato: | Livro |
| Idioma: | inglês |
| Publicado em: |
Englewood Cliffs
Prentice-Hall
1985
|
| Edição: | 2. ed. |
| Assuntos: | |
| Tags: |
Sem tags, seja o primeiro a adicionar uma tag!
|
MARC
| LEADER | 00000nam a2200000 4500 | ||
|---|---|---|---|
| 001 | c002975 | ||
| 005 | 20221220081525.4 | ||
| 020 | |a 0-13-637620-7 | ||
| 041 | 0 | |a eng | |
| 044 | |a US | ||
| 245 | 1 | 0 | |a Operations Management |b Production of Goods and Services |c John O. Macclain, L. Joseph Thomas |
| 250 | |a 2. ed. | ||
| 264 | 1 | |a Englewood Cliffs |b Prentice-Hall |c 1985 | |
| 300 | |a 701 s. | ||
| 610 | 2 | 0 | |a manažment |
| 610 | 2 | 0 | |a manažéri |
| 610 | 2 | 0 | |a plánovanie |
| 610 | 2 | 0 | |a výroba |
| 610 | 2 | 0 | |a dodávky |
| 610 | 2 | 0 | |a služby |
| 610 | 2 | 0 | |a stratégia podniková |
| 610 | 2 | 0 | |a tovar |
| 100 | 1 | |a Macclain, John O. | |
| 700 | 1 | |a Thomas, L. Joseph | |